21 Mars 2025 | Jeux Vidéos - Statistiques

Statistiques générales
  • Ce quiz a été pris 73 fois
  • Le résultat moyen est 8 sur 15
Statistiques - réponses
Question Réponse % Correct
Quel est le nom du célèbre jeu de bataille royale développé par Epic Games ? Fortnite
92%
Quel personnage est le héros de "The Legend of Zelda" ? Link
92%
Quel est le jeu vidéo le plus vendu de tous les temps ? Minecraft
84%
Quel jeu de tir à la première personne est connu pour son mode en ligne très populaire ? Call of Duty
82%
Quel est le nom de la console de jeu de Sony lancée en 2020 ? Playstation 5
80%
Quel est le principal concurrent de Xbox sur le marché des consoles ? Playstation
77%
Dans quel jeu trouve-t-on le personnage de Mario ? Super Mario Bros.
69%
Dans quel jeu incarne-t-on un voleur dans un monde ouvert en ville ? Grand Theft Auto
51%
Quel jeu consiste à construire et gérer une ville ? SimCity
39%
Quel est le nom du personnage principal de "The Last of Us" ? Joel
31%
Quelle entreprise a créé le jeu "The Sims" ? Electronic Arts
25%
Quel développement de RA a popularisé les jeux en plein air ? Pokémon Go
21%
Quel est le nom de l'univers de "World of Warcraft" ? Azeroth
8%
Quel type de jeu consiste à résoudre des énigmes et à explorer des mondes ? Aventure
2%
Quel jeu de cartes a donné naissance à de nombreux tournois compétitifs ? Magic: The Gathering
2%
Aucun quiz correspondant
Distribution des résultats
% des personnes avec chaque résultat
Percentile par nombre de réponses
Votre historique - résultats
Vous n’avez pas pris ce quiz